000 01001nam a2200289 i 4500
001 10329
003 ES-MaACL
005 20250909203441.0
007 t|
008 950508s1993 sp ||||1| spa d
020 _a84-7658-393-1
080 _a1 Gracián, Baltasar
080 _a86(Gracián, B.1.06)
100 1 _aHidalgo-Serna, Emilio.
_963606
245 1 3 _aEl Pensamiento ingenioso en Baltasar Gracián
_b: el "concepto" y su función lógica /
_cEmilio Hidalgo-Serna ; [traducción del alemán : Manuel Canet].
250 _a[1a ed. en Ed. Anthropos].
260 _aBarcelona :
_bAnthropos,
_c1993.
300 _aIX, 246 p. ;
_c20 cm.
490 1 _aAutores, textos y temas. Humanismo
500 _aIndices.
504 _aBibliogr. p. 215-230.
600 1 4 _aGracián, Baltasar,
_d1601-1658-
_xFilosofía
_959480
700 1 _aCanet, Manuel.
_934488
830 0 _aAutores, textos y temas. Humanismo
_9179685
852 _aES-MaACL
_jL-17738
_bR.123692
999 _c10329
_d10329